Foreign-Born Population: USA Quiz Stats

 Plays Quiz Updated Nov 16, 2017

     
Support Sporcle.
Go Orange.
Score 0/20 Timer 05:00
1 Play Today
Foreign-Born Population Country % Correct
12,050,031Mexico
98.5%
2,327,270China
96.3%
714,999United Kingdom
93.1%
842,175Canada
89.1%
402,574Russia
85.8%
627,493Germany
85.2%
1,969,286India
84.9%
1,131,284Cuba
73%
1,119,578South Korea
69.1%
687,696Colombia
66.3%
Foreign-Born Population Country % Correct
881,191Guatemala
64.7%
530,645Honduras
63%
1,302,870Vietnam
62.8%
604,004Haiti
60.7%
712,830Jamaica
59.3%
463,732Poland
58.6%
1,896,031Philippines
47%
940,874Dominican Republic
40.7%
442,693Ecuador
35.1%
1,276,489El Salvador
31.5%

From the Vault

Boys, Boys, Boys

by sproutcm

This quiz is just part of the good ol' boys club.
Remove Ads.
Support Sporcle.
Get the best of Sporcle when you Go Orange. This ad-free experience offers more features, more stats, and more fun while also helping to support Sporcle. Thank you for becoming a member.

Show Comments

Extras

Top Quizzes Today


Score Distribution

Your Account Isn't Verified!

In order to create a playlist on Sporcle, you need to verify the email address you used during registration. Go to your Sporcle Settings to finish the process.

Report this User

Report this user for behavior that violates our Community Guidelines.

Details: